| 000 | 02721cam a22003854a 4500 | ||
|---|---|---|---|
| 001 | 13955533 | ||
| 005 | 20220812112115.0 | ||
| 008 | 050506s2005 enk b 001 0 eng | ||
| 010 | _a 2005013325 | ||
| 020 | _a0521853192 (hardcover) | ||
| 020 | _a0521618339 (pbk.) | ||
| 040 |
_aDLC _cDLC _dDLC |
||
| 042 | _apcc | ||
| 043 |
_an-us--- _aa-iq--- |
||
| 050 | 0 | 0 |
_aJC585 _b.H865 2005 |
| 082 | 0 | 0 |
_a341.481 _bHUM |
| 245 | 0 | 0 |
_aHuman rights in the War on Terror / _cedited by Richard Ashby Wilson. |
| 260 |
_aCambridge [UK] ; _aNew York : _bCambridge University Press, _c2005. |
||
| 300 |
_axv, 347 p. ; _c24 cm. |
||
| 504 | _aIncludes bibliographical references and index. | ||
| 505 | 0 | _aOrder, rights, and threats : terrorism and global justice / Michael Freeman -- Liberal security / Fernando Teson -- The human rights case for the war in Iraq : a consequentialist view / Thomas Cushman -- Human rights as an ethics of power / John Wallach -- How not to promote democracy and human rights / Aryeh Neier -- War in Iraq : not a humanitarian intervention / Kenneth Roth -- The tension between combating terrorism and protecting liberties / Richard Goldstone -- Fair trials for terrorists? / Geoffrey Robertson -- Nationalizing the local : comparative notes on the recent restructuring of political space / Carol J. Greenhouse -- The impact of counter terror on the promotion and protection of human rights : a global perspective / Neil Hicks -- Human rights : a descending spiral / Richard Falk -- Eight fallacies about liberty and security / David Luban -- Our privacy, ourselves in the age of technological intrusions / Peter Galison and Martha Minow -- Are human rights universal in the age of terrorism? / Wiktor Osiatynski -- Connecting human rights, human development, and human security / Mary Robinson -- Human rights and civil society in a new age of American exceptionalism / Julie Mertus. | |
| 650 | 0 | _aHuman rights. | |
| 650 | 0 |
_aCivil rights. _985538 |
|
| 650 | 0 | _aWar on Terrorism, 2001-2009. | |
| 650 | 0 |
_aTerrorism _xPrevention. _93117 |
|
| 650 | 0 |
_aIraq War, 2003-2011. _912087 |
|
| 650 | 0 | _aInternational law. | |
| 700 | 1 |
_aWilson, Richard, _d1964- _994370 |
|
| 856 | 4 | 1 |
_3Table of contents only _uhttp://www.loc.gov/catdir/toc/ecip0512/2005013325.html |
| 856 | 4 | 2 |
_3Publisher description _uhttp://www.loc.gov/catdir/enhancements/fy0633/2005013325-d.html |
| 856 | 4 | 2 |
_3Contributor biographical information _uhttp://www.loc.gov/catdir/enhancements/fy0733/2005013325-b.html |
| 906 |
_a7 _bcbc _corignew _d1 _eecip _f20 _gy-gencatlg |
||
| 942 |
_2ddc _cBK |
||
| 999 |
_c590475 _d590475 |
||